Online
Catalog

Metternich, estadista y hombre galante / (Record no. 4975)

MARC details
000 -CABECERA
campo de control de longitud fija 00844cam a2200229 a 4500
001 - NÚMERO DE CONTROL
campo de control 000005172
005 - FECHA Y HORA DE LA ÚLTIMA TRANSACCIÓN
campo de control 20200929151611.0
008 - DATOS DE LONGITUD FIJA--INFORMACIÓN GENERAL
campo de control de longitud fija 831116s1942 ag 001 0 spa
040 ## - FUENTE DE LA CATALOGACIÓN
Centro catalogador/agencia de origen DO-SdBNP
Centro/agencia transcriptor CarP
Centro/agencia modificador DLC
041 17 - CÓDIGO DE LENGUA
Código de lengua del texto/banda sonora o título independiente spa
Código de lengua original eng
Fuente del código Código de idioma MARC
082 ## - NÚMERO DE LA CLASIFICACIÓN DECIMAL DEWEY
Número de clasificación 923.2
Número de documento/Ítem A917m
100 1# - ENTRADA PRINCIPAL--NOMBRE DE PERSONA
Nombre de persona Auernheimer, Raoul,
Fechas asociadas al nombre 1876-
9 (RLIN) 14806
240 00 - TÍTULO UNIFORME
Título uniforme Prince Metternich.
Lenguaje de la obra Español
245 10 - MENCIÓN DE TÍTULO
Título Metternich, estadista y hombre galante /
Mención de responsabilidad, etc. Raoul Auernheimer.
260 ## - PUBLICACIÓN, DISTRIBUCIÓN, ETC.
Lugar de publicación, distribución, etc. Buenos Aires :
Nombre del editor, distribuidor, etc. Sudamericana,
Fecha de publicación, distribución, etc. 1942.
300 ## - DESCRIPCIÓN FÍSICA
Extensión -397 p. ;
Dimensiones 22 cm.
534 ## - NOTA SOBRE LA VERSIÓN ORIGINAL
Encabezamiento principal del original Título original inglés:
Mención de título del original Prince Metternich
600 10 - PUNTO DE ACCESO ADICIONAL DE MATERIA--NOMBRE DE PERSONA
Nombre de persona METTERNICH-WINNEBURG, CLEMENS LOTHAR WENZEL,
Títulos y otros términos asociados al nombre PRÍNCIPE VON,
Fechas asociadas al nombre 1773-1859.
9 (RLIN) 14807
651 #4 - PUNTO DE ACCESO ADICIONAL DE MATERIA--NOMBRE GEOGRÁFICO
Nombre geográfico Europa
Subdivisión general Política Y Gobierno,
Subdivisión cronológica 1789-1900.
9 (RLIN) 14808
700 1# - PUNTO DE ACCESO ADICIONAL--NOMBRE DE PERSONA
Nombre de persona Ibarzábal, Pedro,
Término indicativo de función/relación tr.
9 (RLIN) 14809
910 ## - DATOS DE OPCIÓN DEL USUARIO (OCLC)
Datos de opción del usuario Catalogación por copia / LC
Holdings
Estado de retiro Estado de pérdida Restricciones de uso No para préstamo Código de colección Localización permanente Ubicación/localización actual Ubicación en estantería Fecha de adquisición Número de inventario Total de préstamos Signatura topográfica completa Código de barras Fecha visto por última vez Precio válido a partir de Tipo de ítem Koha
    Préstamo interno   Monografías: Libros y Folletos General General En catalogación 29.07.2009 LF1   923.2 A917m 5172-10 25.06.2020 25.06.2020 Préstamo interno

Powered by Koha